000
00324 a2200157 4500
001
188292
020
_a
978-85-905348-2-2
040
_c
Magnum
100
_a
Mansoldo, Ana
240
1
0
_a
Ipês amarelos
_l
por
245
1
0
_a
Ipês amarelos
300
_a
83
362
0
_a
2008
697
_a
LITERATURA JUVENIL
942
_c
BK
999
_c
188292
_d
188292